| 000 | 00741nam a2200121Ia 4500 | ||
|---|---|---|---|
| 008 | 220620s9999||||xx |||||||||||||| ||und|| | ||
| 100 | _aBarma, Naazneen | ||
| 245 | 4 |
_aThe Peacebuilding Puzzle _bPolitical Order in Post-Conflict States |
|
| 546 | _aEnglish[eng] | ||
| 650 | _aPolitical Science||Political Science||International Relations||Afghanistan||Cambodia||Conflict resolution||East Timor||Neopatrimonialism||Peacebuilding||Transitional Government of the Democratic Republic of the Congo||United Nations | ||
| 856 | _uhttps://library.oapen.org/bitstream/20.500.12657/31428/1/628144.pdf||https://library.oapen.org/bitstream/20.500.12657/31428/1/628144.pdf||https://library.oapen.org/bitstream/20.500.12657/31428/1/628144.pdf | ||
| 942 | _cEB | ||
| 999 |
_c24532 _d24532 |
||